205 Sovereign States - Statistics

General Stats
  • This quiz has been taken 7 times
  • The average score is 172 of 205
Answer Stats
Answer % Correct
Albania
100%
Andorra
100%
Argentina
100%
Austria
100%
Bahamas
100%
Barbados
100%
Belarus
100%
Belgium
100%
Belize
100%
Bolivia
100%
Brazil
100%
Bulgaria
100%
Canada
100%
Chile
100%
Colombia
100%
Croatia
100%
Cuba
100%
Czechia
100%
Denmark
100%
Dominica
100%
Dominican Republic
100%
Estonia
100%
Finland
100%
France
100%
Germany
100%
Greece
100%
Guyana
100%
Haiti
100%
Hungary
100%
Iceland
100%
Ireland
100%
Italy
100%
Kosovo
100%
Latvia
100%
Liechtenstein
100%
Lithuania
100%
Luxembourg
100%
Mexico
100%
Moldova
100%
Monaco
100%
Montenegro
100%
Netherlands
100%
Nicaragua
100%
North Macedonia
100%
Norway
100%
Panama
100%
Paraguay
100%
Peru
100%
Romania
100%
Russia
100%
Saint Kitts and Nevis
100%
Saint Lucia
100%
Saint Vincent and the Grenadines
100%
San Marino
100%
Serbia
100%
Slovakia
100%
Slovenia
100%
Spain
100%
Suriname
100%
Sweden
100%
Switzerland
100%
Ukraine
100%
United Kingdom
100%
United States
100%
Uruguay
100%
Vatican City
100%
Afghanistan
80%
Algeria
80%
Angola
80%
Antigua and Barbuda
80%
Armenia
80%
Australia
80%
Azerbaijan
80%
Bahrain
80%
Benin
80%
Bhutan
80%
Bosnia and Herzegovina
80%
Botswana
80%
Brunei
80%
Burkina Faso
80%
Burundi
80%
Cambodia
80%
Cameroon
80%
Central African Republic
80%
Chad
80%
China
80%
Comoros
80%
Cook Islands
80%
Costa Rica
80%
Cyprus
80%
Democratic Republic of the Congo
80%
Djibouti
80%
Ecuador
80%
Egypt
80%
El Salvador
80%
Equatorial Guinea
80%
Eritrea
80%
Eswatini
80%
Ethiopia
80%
Federated States of Micronesia
80%
Fiji
80%
Gabon
80%
Grenada
80%
Guinea
80%
Guinea Bissau
80%
Honduras
80%
India
80%
Indonesia
80%
Iran
80%
Iraq
80%
Israel
80%
Ivory Coast
80%
Jamaica
80%
Japan
80%
Jordan
80%
Kazakhstan
80%
Kenya
80%
Kiribati
80%
Kuwait
80%
Kyrgyzstan
80%
Laos
80%
Lebanon
80%
Lesotho
80%
Liberia
80%
Libya
80%
Madagascar
80%
Malawi
80%
Malaysia
80%
Maldives
80%
Mali
80%
Malta
80%
Marshall Islands
80%
Mauritania
80%
Mauritius
80%
Mongolia
80%
Morocco
80%
Mozambique
80%
Nauru
80%
Nepal
80%
New Zealand
80%
Niger
80%
Nigeria
80%
North Korea
80%
Oman
80%
Pakistan
80%
Palau
80%
Palestine
80%
Papua New Guinea
80%
Philippines
80%
Poland
80%
Portugal
80%
Qatar
80%
Republic of the Congo
80%
Rwanda
80%
Sahrawi Republic
80%
Samoa
80%
Saudi Arabia
80%
Senegal
80%
Seychelles
80%
Sierra Leone
80%
Singapore
80%
Somalia
80%
South Korea
80%
South Sudan
80%
Sri Lanka
80%
Sudan
80%
Taiwan
80%
Tajikistan
80%
Togo
80%
Tonga
80%
Transnistria
80%
Tunisia
80%
Turkmenistan
80%
Tuvalu
80%
Uganda
80%
United Arab Emirates
80%
Uzbekistan
80%
Venezuela
80%
Vietnam
80%
Yemen
80%
Zambia
80%
Zimbabwe
80%
Abkhazia
60%
Bangladesh
60%
East Timor
60%
Gambia
60%
Georgia
60%
Ghana
60%
Guatemala
60%
Myanmar
60%
Namibia
60%
Niue
60%
Northern Cyprus
60%
Solomon Islands
60%
Somaliland
60%
South Africa
60%
South Ossetia
60%
Syria
60%
Tanzania
60%
Thailand
60%
Trinidad and Tobago
60%
Turkey
60%
Vanuatu
60%
Cape Verde
40%
São Tomé and Príncipe
40%
No matching quizzes found
Score Distribution
Percent of People with Each Score
Percentile by Number Answered
Your Score History
You have not taken this quiz